[Event "25. Torneo San Viator 2015"]
[Site "Madrid ESP"]
[Date "2015.11.01"]
[Round "6.15"]
[White "Blanco Diez, David"]
[Black "Soderstrom, Henrik"]
[Result "0-1"]
[WhiteElo "1719"]
[BlackElo "1907"]
[PlyCount "46"]
[EventDate "2015.10.04"]
[EventType "swiss"]
[EventRounds "9"]
[EventCountry "ESP"]
[Source "lmi"]
[SourceDate "2015.10.04"]

1. d4 d5 2. c4 e5 3. dxe5 d4 4. a3 Nc6 5. Nf3 Nge7 6. e3 Bg4 7. exd4 Bxf3 8.
gxf3 Nxd4 9. Be3 Nef5 10. Bh3 Nxe3 11. fxe3 Qh4+ 12. Kd2 Qf2+ 13. Kc1 Ne2+ 14.
Kc2 Nf4+ 15. Kc3 Qxe3+ 16. Kc2 Nxh3 17. Re1 Qf4 18. Qd5 c6 19. Qd3 Rd8 20. Qb3
Qxh2+ 21. Kc1 Be7 22. Qxb7 Bg5+ 23. Nd2 O-O 0-1

[Event "25. Torneo San Viator 2015"]
[Site "Madrid ESP"]
[Date "2015.11.01"]
[Round "6.16"]
[White "Soto Martin, Miguel"]
[Black "Del Noval Nemeshazi, Nesztor"]
[Result "1/2-1/2"]
[WhiteElo "1881"]
[BlackElo "1810"]
[PlyCount "107"]
[EventDate "2015.10.04"]
[EventType "swiss"]
[EventRounds "9"]
[EventCountry "ESP"]
[Source "lmi"]
[SourceDate "2015.10.04"]

1. e4 c5 2. Nf3 d6 3. c3 Nf6 4. h3 Nbd7 5. Bd3 b6 6. O-O Bb7 7. Re1 Qc7 8. Bc2
Rc8 9. d3 g6 10. Na3 a6 11. Bf4 e5 12. Bg5 Bg7 13. Qd2 O-O 14. Nc4 b5 15. Ne3
d5 16. Ng4 dxe4 17. dxe4 Nxg4 18. hxg4 Nf6 19. Nh2 Rfd8 20. Qe3 Rd7 21. Bh6
Rcd8 22. Bxg7 Kxg7 23. g5 Nh5 24. Rad1 Rxd1 25. Rxd1 Rxd1+ 26. Bxd1 Nf4 27. g3
Ne6 28. Ng4 Qd8 29. Bc2 Qxg5 30. Qxg5 Nxg5 31. Nxe5 Nxe4 32. Bxe4 Bxe4 33. Nd7
c4 34. Nc5 Bb1 35. Nxa6 Bxa2 36. Nc7 Kf6 37. Nxb5 Ke5 38. f3 Bb1 39. Kf2 Bf5
40. Nd4 Bd7 41. b4 cxb3 42. Nxb3 Kd5 43. Nd2 h5 44. Ke3 Kc5 45. Ne4+ Kc4 46.
Nd6+ Kxc3 47. Nxf7 Bf5 48. Nd6 Bc2 49. f4 Bd1 50. Ke4 Kd2 51. f5 gxf5+ 52. Nxf5
Ke2 53. Kf4 Kf2 54. Ng7 1/2-1/2

[Event "25. Torneo San Viator 2015"]
[Site "Madrid ESP"]
[Date "2015.11.01"]
[Round "6.17"]
[White "Clavero Alarcon, Jose Miguel"]
[Black "Perez Sempere, Alberto"]
[Result "1-0"]
[WhiteElo "1873"]
[BlackElo "1774"]
[PlyCount "117"]
[EventDate "2015.10.04"]
[EventType "swiss"]
[EventRounds "9"]
[EventCountry "ESP"]
[Source "lmi"]
[SourceDate "2015.10.04"]

1. c4 e6 2. g3 c6 3. Nf3 d5 4. d4 dxc4 5. Bg2 b5 6. O-O Nf6 7. Ne5 Bb7 8. a4
Nd5 9. e4 Nf6 10. Be3 Be7 11. b3 cxb3 12. Qxb3 a6 13. Nd2 O-O 14. Bh3 Bc8 15.
Qc2 Bd7 16. a5 Ne8 17. Nd3 Bc8 18. Rfd1 Nd6 19. Bg2 f6 20. Nc5 Nb7 21. Nxb7
Bxb7 22. Qb3 Bc8 23. d5 Qd6 24. Rac1 Qa3 25. dxc6 Qxb3 26. Nxb3 e5 27. f4 Be6
28. Nc5 Bc4 29. Nd7 Nxc6 30. Nxf8 Kxf8 31. Bb6 Ke8 32. Bh3 Nd4 33. Kf2 Nb3 34.
Bd7+ Kf8 35. Rc2 Bc5+ 36. Bxc5+ Nxc5 37. Bc6 Rc8 38. Bd5 Rd8 39. Ke3 Nb3 40.
Bxc4 Rxd1 41. Bxb3 Ra1 42. Rc8+ Ke7 43. Bd5 Rxa5 44. Kd2 Ra3 45. Rc3 Ra1 46.
Rc7+ Kd6 47. Rxg7 Ra3 48. Rxh7 Kc5 49. fxe5 fxe5 50. g4 Kd4 51. g5 Rd3+ 52. Kc2
Rc3+ 53. Kb2 a5 54. g6 a4 55. g7 a3+ 56. Kb1 Re3 57. g8=Q Re1+ 58. Kc2 Re2+ 59.
Kd1 1-0

[Event "25. Torneo San Viator 2015"]
[Site "Madrid ESP"]
[Date "2015.11.01"]
[Round "6.20"]
[White "Campos Tores, Jose Luis"]
[Black "Castro Morell, Daniel Eduardo"]
[Result "1/2-1/2"]
[WhiteElo "1788"]
[BlackElo "1858"]
[PlyCount "144"]
[EventDate "2015.10.04"]
[EventType "swiss"]
[EventRounds "9"]
[EventCountry "ESP"]
[Source "lmi"]
[SourceDate "2015.10.04"]

1. e4 c5 2. d4 cxd4 3. c3 dxc3 4. Nxc3 Nc6 5. Nf3 d6 6. Bc4 e6 7. O-O Be7 8.
Qe2 Nf6 9. Rd1 O-O 10. e5 Ne8 11. exd6 Bxd6 12. Nb5 Qe7 13. Bg5 f6 14. Be3 Bb8
15. Rac1 Kh8 16. Bb3 Nd6 17. Bc5 Rd8 18. Qd3 Nxb5 19. Bxe7 Rxd3 20. Rxd3 h5 21.
Bc5 Bf4 22. Rcd1 e5 23. a4 Nbd4 24. Nxd4 exd4 25. Bxd4 Bg4 26. Re1 Rd8 27. Re4
Be5 28. Bxe5 Rxd3 29. Bc4 Rd8 30. h3 Bd1 31. Bf7 Rd7 32. Bg6 Ne7 33. Be8 Rc7
34. f3 Kg8 35. Bxh5 Bxa4 36. Rxa4 g6 37. Bxf6 gxh5 38. Rxa7 Nd5 39. Bd4 Kf7 40.
Ra1 Rc2 41. Re1 Nf4 42. Re4 Ne2+ 43. Kh2 Nxd4 44. Rxd4 Rxb2 45. Kg3 Kg6 46.
Rd6+ Kf5 47. Rh6 Kg5 48. Rh8 b5 49. Rg8+ Kf5 50. Kh4 b4 51. Kxh5 b3 52. g4+ Ke5
53. Kg5 Rb1 54. h4 Kd4 55. h5 b2 56. Rb8 Kc3 57. h6 Rh1 58. Kg6 b1=Q+ 59. Rxb1
Rxb1 60. f4 Kd4 61. f5 Ke5 62. f6 Ke6 63. g5 Rb7 64. h7 Rb8 65. Kg7 Rb7+ 66.
Kh6 Rb8 67. g6 Kxf6 68. g7 Rb1 69. g8=N+ Kf7 70. Nf6 Rh1+ 71. Nh5 Rxh5+ 72.
Kxh5 Kg7 1/2-1/2

[Event "25. Torneo San Viator 2015"]
[Site "Madrid ESP"]
[Date "2015.11.01"]
[Round "6.21"]
[White "Rodriguez Romero, Martin"]
[Black "Guillo Longares, Cecilia"]
[Result "1-0"]
[WhiteElo "1651"]
[BlackElo "1809"]
[PlyCount "55"]
[EventDate "2015.10.04"]
[EventType "swiss"]
[EventRounds "9"]
[EventCountry "ESP"]
[Source "lmi"]
[SourceDate "2015.10.04"]

1. d4 Nf6 2. c4 c5 3. d5 e6 4. Nf3 exd5 5. cxd5 d6 6. Nc3 g6 7. Qa4+ Bd7 8. Qb3
Qc7 9. e4 Bg7 10. Bd3 a6 11. a4 O-O 12. O-O Bg4 13. Nd2 Nbd7 14. Nc4 Ne5 15.
Nxe5 dxe5 16. h3 Bd7 17. Be3 Rfc8 18. Be2 Rab8 19. a5 b5 20. Qc2 Bf8 21. f4 Bd6
22. f5 Be7 23. fxg6 hxg6 24. Bg5 Kg7 25. Qd2 Rh8 26. d6 Qb7 27. dxe7 b4 28.
Bxf6+ 1-0

[Event "25. Torneo San Viator 2015"]
[Site "Madrid ESP"]
[Date "2015.11.01"]
[Round "6.23"]
[White "Lopez Benitez, David"]
[Black "Barranco Martinez, Gabriel"]
[Result "1/2-1/2"]
[WhiteElo "1731"]
[BlackElo "1752"]
[PlyCount "72"]
[EventDate "2015.10.04"]
[EventType "swiss"]
[EventRounds "9"]
[EventCountry "ESP"]
[Source "lmi"]
[SourceDate "2015.10.04"]

1. Nf3 d5 2. g3 Nc6 3. Bg2 e5 4. d3 Bg4 5. O-O Nf6 6. c4 h6 7. cxd5 Nxd5 8. Qa4
Bd7 9. a3 Bd6 10. Nbd2 O-O 11. Ne4 Nd4 12. Qd1 Be6 13. Bd2 Qd7 14. Rc1 c6 15.
Nxd6 Qxd6 16. Nxd4 exd4 17. Qa4 Qe5 18. Rfe1 Nb6 19. Qb4 Bd5 20. Bf4 Qf6 21.
Bc7 Bxg2 22. Bxb6 axb6 23. Kxg2 c5 24. Qc4 Qc6+ 25. Kg1 Rfe8 26. Qc2 Re5 27.
Qd2 Rae8 28. e3 dxe3 29. Rxe3 Rxe3 30. fxe3 Qf3 31. Re1 Re6 32. Re2 h5 33. e4
Qf6 34. Qf4 Qd4+ 35. Qe3 Qe5 36. Qf4 Qd4+ 1/2-1/2

[Event "25. Torneo San Viator 2015"]
[Site "Madrid ESP"]
[Date "2015.11.01"]
[Round "6.24"]
[White "Quijano Cabrera, Adelardo"]
[Black "Sirera Ripoll, Jose Luis"]
[Result "1/2-1/2"]
[WhiteElo "1651"]
[BlackElo "1749"]
[PlyCount "90"]
[EventDate "2015.10.04"]
[EventType "swiss"]
[EventRounds "9"]
[EventCountry "ESP"]
[Source "lmi"]
[SourceDate "2015.10.04"]

1. d4 Nf6 2. c4 g6 3. Nc3 d5 4. cxd5 Nxd5 5. e4 Nxc3 6. bxc3 Bg7 7. Bb5+ Nd7 8.
Ne2 O-O 9. O-O c5 10. Be3 Qa5 11. Qb3 cxd4 12. cxd4 Nf6 13. f3 a6 14. Bd3 Bd7
15. Rab1 b5 16. Rfc1 Rac8 17. a3 Rfd8 18. Qb4 Qxb4 19. axb4 Bc6 20. Rc2 Bb7 21.
Rbc1 e6 22. Rc7 Rxc7 23. Rxc7 Rd7 24. Rxd7 Nxd7 25. Nc1 Kf8 26. Nb3 Ke8 27. Kf2
f5 28. Ke2 Bf8 29. Nc5 Nxc5 30. bxc5 b4 31. Kd2 Kd7 32. Kc2 a5 33. Kb3 Be7 34.
Ka4 Bd8 35. Bb5+ Bc6 36. d5 exd5 37. exd5 Bxb5+ 38. Kxb5 Bf6 39. Kc4 g5 40. g3
h6 41. Bd4 Bxd4 42. Kxd4 a4 43. Kc4 a3 44. Kb3 h5 45. f4 g4 1/2-1/2

[Event "25. Torneo San Viator 2015"]
[Site "Madrid ESP"]
[Date "2015.11.01"]
[Round "6.25"]
[White "Fernandez Garcia, Emilio"]
[Black "Ingunza Curro, Andres"]
[Result "1-0"]
[WhiteElo "1686"]
[BlackElo "1459"]
[PlyCount "85"]
[EventDate "2015.10.04"]
[EventType "swiss"]
[EventRounds "9"]
[EventCountry "ESP"]
[Source "lmi"]
[SourceDate "2015.10.04"]

1. d4 e6 2. c4 Nf6 3. Nf3 b6 4. g3 Bb4+ 5. Bd2 Be7 6. Nc3 Bb7 7. Bg2 c5 8. dxc5
Bxc5 9. O-O O-O 10. a3 Na6 11. Qc2 Rc8 12. Qd3 Be7 13. b4 Qc7 14. Rac1 Qxc4 15.
Qxc4 Rxc4 16. Ne5 Rc7 17. Nb5 Rxc1 18. Rxc1 Bxg2 19. Kxg2 Ne4 20. Bf4 g5 21.
Be3 d6 22. Nc6 Bd8 23. Nxd8 Rxd8 24. f3 Nf6 25. Bxg5 Kg7 26. Nxa7 Rd7 27. Nb5
Nd5 28. e4 Ndc7 29. Nxc7 Nxc7 30. Be3 b5 31. Rc6 d5 32. Bf4 Ne8 33. Rc5 d4 34.
Rxb5 d3 35. Bd2 Nd6 36. Rc5 f5 37. e5 Nb7 38. Rc3 Kg6 39. Kf2 Rd5 40. f4 h5 41.
Ke3 h4 42. Rxd3 Rxd3+ 43. Kxd3 1-0

[Event "25. Torneo San Viator 2015"]
[Site "Madrid ESP"]
[Date "2015.11.01"]
[Round "6.26"]
[White "Alonso Lazaro, Adrian"]
[Black "Alonso Penalver, Angel"]
[Result "0-1"]
[WhiteElo "1624"]
[BlackElo "1676"]
[PlyCount "102"]
[EventDate "2015.10.04"]
[EventType "swiss"]
[EventRounds "9"]
[EventCountry "ESP"]
[Source "lmi"]
[SourceDate "2015.10.04"]

1. e4 e5 2. Nf3 Nc6 3. d4 exd4 4. Bc4 Be7 5. Nxd4 Ne5 6. Bb3 d6 7. h3 Nf6 8. f4
Ng6 9. Nc3 Bd7 10. Qe2 h6 11. Qc4 O-O 12. g3 c6 13. Qe2 Qa5 14. Bd2 Qh5 15. Nf3
Bg4 16. Kf2 Bxh3 17. Nd1 Qc5+ 18. Ne3 Nxe4+ 19. Ke1 Nxg3 20. Qh2 Nxh1 21. Qxh3
Ng3 22. Qxg3 d5 23. Ng4 Bd6 24. c3 a5 25. Bc2 Rfe8+ 26. Kd1 Re6 27. Nd4 Re4 28.
Bxe4 dxe4 29. Kc2 Qd5 30. Ne3 Bxf4 31. Qxf4 Nxf4 32. Nxd5 Nxd5 33. Re1 Re8 34.
c4 Nb4+ 35. Bxb4 axb4 36. Nf5 Re5 37. Nd6 f5 38. Nxb7 f4 39. Nd8 f3 40. Nxc6 f2
41. Rf1 e3 42. Nd4 e2 43. Nxe2 Rxe2+ 44. Kb3 g5 45. c5 g4 46. c6 g3 47. Kxb4 g2
48. c7 Re8 49. Rxf2 g1=Q 50. Rc2 Qb6+ 51. Ka3 Ra8# 0-1

[Event "25. Torneo San Viator 2015"]
[Site "Madrid ESP"]
[Date "2015.11.01"]
[Round "6.27"]
[White "Lopez Ziegler, Juan Jose"]
[Black "Miguens Mata, Jose L"]
[Result "1-0"]
[WhiteElo "1543"]
[BlackElo "1526"]
[PlyCount "71"]
[EventDate "2015.10.04"]
[EventType "swiss"]
[EventRounds "9"]
[EventCountry "ESP"]
[Source "lmi"]
[SourceDate "2015.10.04"]

1. d4 d5 2. Bf4 Nc6 3. e3 Bf5 4. c3 e6 5. Nf3 Bd6 6. Ne5 Nxe5 7. dxe5 Be7 8.
Bb5+ c6 9. Be2 Bg5 10. Bg3 Bh4 11. Nd2 Bxg3 12. hxg3 Qc7 13. f4 Qb6 14. Kf2
Qxb2 15. Qc1 Qxc1 16. Rhxc1 Ne7 17. c4 O-O 18. Kf3 Rfd8 19. cxd5 cxd5 20. Rc7
Nc6 21. Rxb7 Rab8 22. Rxb8 Rxb8 23. Rc1 Rc8 24. Nb3 a6 25. Bxa6 Rc7 26. Bb5
Be4+ 27. Kf2 d4 28. Na5 dxe3+ 29. Kxe3 Bxg2 30. Bxc6 Bd5 31. Rc2 Kf8 32. Kd3
Bxc6 33. Rxc6 Rd7+ 34. Rd6 Rc7 35. Nc6 g6 36. a4 1-0

[Event "25. Torneo San Viator 2015"]
[Site "Madrid ESP"]
[Date "2015.11.08"]
[Round "7.1"]
[White "Unciti Juan, Javier"]
[Black "Renteria, Jorge"]
[Result "1/2-1/2"]
[WhiteElo "2050"]
[BlackElo "2244"]
[PlyCount "76"]
[EventDate "2015.10.04"]
[EventType "swiss"]
[EventRounds "9"]
[EventCountry "ESP"]
[Source "lmi"]
[SourceDate "2015.10.04"]

1. d4 Nf6 2. Bg5 e6 3. e4 h6 4. Bxf6 Qxf6 5. Nc3 g6 6. Qd2 Bg7 7. O-O-O d6 8.
Nb5 Qe7 9. f4 O-O 10. c3 c6 11. Na3 Nd7 12. Bd3 d5 13. e5 c5 14. Nf3 a6 15. g4
c4 16. Be2 b5 17. Nc2 Nb6 18. Rdg1 a5 19. Bd1 b4 20. Ne3 Rd8 21. f5 Bf8 22.
fxg6 fxg6 23. Bc2 bxc3 24. bxc3 Qa3+ 25. Kd1 Bd7 26. Ke2 Na4 27. Bxa4 Bxa4 28.
Rb1 Rab8 29. h4 Qe7 30. Ng2 Be8 31. Qc2 a4 32. Nf4 Kg7 33. Ke3 a3 34. h5 g5 35.
Ng6 Bxg6 36. Qxg6+ Kh8 37. Nd2 Qh7 38. Qxh7+ Kxh7 1/2-1/2

[Event "25. Torneo San Viator 2015"]
[Site "Madrid ESP"]
[Date "2015.11.08"]
[Round "7.2"]
[White "Andalon Gomez, Carlos J"]
[Black "Vazquez Gonzalez, Francisco"]
[Result "1-0"]
[WhiteElo "1963"]
[BlackElo "1929"]
[PlyCount "33"]
[EventDate "2015.10.04"]
[EventType "swiss"]
[EventRounds "9"]
[EventCountry "ESP"]
[Source "lmi"]
[SourceDate "2015.10.04"]

1. e4 e5 2. Nf3 Nc6 3. Bc4 Bc5 4. d3 Nf6 5. c3 d6 6. Nbd2 a6 7. Bb3 Ba7 8. Nf1
Ne7 9. Ng3 Ng6 10. Be3 O-O 11. O-O d5 12. exd5 Nxd5 13. Bxa7 Rxa7 14. Re1 Ndf4
15. Nxe5 Nxe5 16. Rxe5 Nxd3 17. Rd5 1-0

[Event "25. Torneo San Viator 2015"]
[Site "Madrid ESP"]
[Date "2015.11.08"]
[Round "7.3"]
[White "Lobato Rivero, Carlos"]
[Black "Vallejo Nuno, Jorge"]
[Result "1/2-1/2"]
[WhiteElo "1992"]
[BlackElo "2087"]
[PlyCount "107"]
[EventDate "2015.10.04"]
[EventType "swiss"]
[EventRounds "9"]
[EventCountry "ESP"]
[Source "lmi"]
[SourceDate "2015.10.04"]

1. e4 g6 2. d4 Bg7 3. Nc3 c6 4. Nf3 d5 5. e5 f6 6. exf6 Nxf6 7. h3 O-O 8. Bd3
c5 9. O-O cxd4 10. Nxd4 e5 11. Nb3 Nc6 12. Bg5 Nb4 13. a3 Nxd3 14. Qxd3 Bf5 15.
Qe2 d4 16. Ne4 Qd5 17. Nxf6+ Bxf6 18. Bxf6 Rxf6 19. Rfe1 Re8 20. Qd1 Ref8 21.
Qe2 Re8 22. Qd1 Rc8 23. Rc1 Rfc6 24. Qe2 Rxc2 25. Rxc2 Rxc2 26. Qxe5 Qxe5 27.
Rxe5 d3 28. g4 Rxb2 29. gxf5 Rxb3 30. Rd5 gxf5 31. a4 Kf7 32. Kf1 Ke6 33. Rd8
Ke5 34. Ke1 Ra3 35. Rd7 h5 36. Rxb7 Rxa4 37. Kd2 h4 38. Kxd3 Kf4 39. Ke2 Ra2+
40. Kf1 a5 41. Kg2 a4 42. Rh7 Kg5 43. Rg7+ Kh6 44. Rg8 a3 45. Rh8+ Kg5 46. Rg8+
Kf6 47. Rh8 Kg5 48. Rg8+ Kf4 49. Rh8 Ke5 50. Rxh4 Rb2 51. Ra4 a2 52. Kf3 Rb3+
53. Kg2 Rb2 54. Kf3 1/2-1/2

[Event "25. Torneo San Viator 2015"]
[Site "Madrid ESP"]
[Date "2015.11.08"]
[Round "7.4"]
[White "Cabanas Bravo, Juan Andres"]
[Black "Bustos Bernardo, Samuel"]
[Result "1/2-1/2"]
[WhiteElo "2042"]
[BlackElo "1964"]
[PlyCount "114"]
[EventDate "2015.10.04"]
[EventType "swiss"]
[EventRounds "9"]
[EventCountry "ESP"]
[Source "lmi"]
[SourceDate "2015.10.04"]

1. e4 c5 2. Nf3 d6 3. d4 cxd4 4. Nxd4 Nf6 5. Nc3 a6 6. Bg5 e6 7. f4 Be7 8. Qf3
h6 9. Bh4 Qc7 10. f5 e5 11. Bxf6 Bxf6 12. Nd5 Qd8 13. Nb3 Bd7 14. Qf2 Nc6 15.
O-O-O Be7 16. a4 b5 17. axb5 axb5 18. Bxb5 Nd4 19. Bxd7+ Qxd7 20. Rxd4 exd4 21.
Qxd4 Bg5+ 22. Kb1 Qa7 23. c3 O-O 24. Kc2 Qa6 25. Re1 Rab8 26. Nb4 Qb7 27. Na5
Qc7 28. Nac6 Bf6 29. Qd5 Rb6 30. Ra1 Rb7 31. Ra6 Bg5 32. Kd3 Re8 33. g3 Bf6 34.
Kc2 Bg5 35. Nd3 Rc8 36. Nd4 Rb6 37. Ra8 Rxa8 {(=)} 38. Qxa8+ Rb8 39. Qc6 Qd8
40. Qd5 Rb6 41. b4 Bf6 42. Nc6 Qc8 43. b5 Kh7 44. c4 Qa8 45. e5 Qa2+ 46. Kd1
dxe5 47. Ndxe5 Bxe5 48. Nxe5 Qxh2 49. Nd7 Qg1+ 50. Kc2 Qf2+ 51. Kb3 Qxg3+ 52.
Ka4 Rd6 53. Qxf7 Qg1 54. Nf8+ Kh8 55. Ng6+ Kh7 56. Nf8+ Kh8 57. Ng6+ Kh7 {(=)}
1/2-1/2

[Event "25. Torneo San Viator 2015"]
[Site "Madrid ESP"]
[Date "2015.11.08"]
[Round "7.5"]
[White "Aguilera Lopez, Alejandro"]
[Black "Sotoca Aguado, Jose"]
[Result "1/2-1/2"]
[WhiteElo "1987"]
[BlackElo "1946"]
[PlyCount "69"]
[EventDate "2015.10.04"]
[EventType "swiss"]
[EventRounds "9"]
[EventCountry "ESP"]
[Source "lmi"]
[SourceDate "2015.10.04"]

1. d4 Nf6 2. Nf3 b6 3. e3 Bb7 4. Bd3 d5 5. O-O e6 6. b3 Nbd7 7. Bb2 c5 8. Nbd2
Bd6 9. Ne5 O-O 10. f4 Ne4 11. Nxe4 dxe4 12. Bc4 cxd4 13. Nxd7 Qxd7 14. Qxd4 f6
15. f5 Qc7 16. fxe6 Kh8 17. Qd1 Bxh2+ 18. Kh1 Be5 19. Bxe5 Qxe5 20. Qd7 Bc8 21.
Qc6 Rb8 22. Rad1 Bb7 23. Qd7 h6 24. Qe7 Rfe8 25. Qf7 Bc6 26. b4 Rb7 27. Qg6
Rbe7 28. b5 Bb7 29. Rd4 Qg5 30. Qxg5 hxg5 31. Rfd1 Kh7 32. Kh2 Kg6 33. g4 Bc8
34. Rxe4 Bxe6 35. Rxe6 {(=)} 1/2-1/2

[Event "25. Torneo San Viator 2015"]
[Site "Madrid ESP"]
[Date "2015.11.08"]
[Round "7.6"]
[White "Camarero Izquierdo, Juan Carlo"]
[Black "Garcia Galeote, Lorenzo"]
[Result "1-0"]
[WhiteElo "1890"]
[BlackElo "1906"]
[PlyCount "53"]
[EventDate "2015.10.04"]
[EventType "swiss"]
[EventRounds "9"]
[EventCountry "ESP"]
[Source "lmi"]
[SourceDate "2015.10.04"]

1. d4 d5 2. Nc3 Nf6 3. Bg5 Nbd7 4. Qd3 h6 5. Bh4 c6 6. f3 e5 7. e4 Qa5 8. Bxf6
gxf6 9. exd5 Bb4 10. dxc6 bxc6 11. Nge2 Ba6 12. Qe3 O-O-O 13. O-O-O Nb6 14. Ng3
Bxf1 15. Rhxf1 Nc4 16. Qe4 Kb7 17. d5 Nxb2 18. dxc6+ Ka6 19. Nd5 Ba3 20. Kb1
Rxd5 21. Rxd5 Qb6 22. Ka1 Bc5 23. Qe2+ Ka5 24. Ne4 Na4 25. Rb1 Qxc6 26. Qd2+
Ka6 27. Nxc5+ 1-0

[Event "25. Torneo San Viator 2015"]
[Site "Madrid ESP"]
[Date "2015.11.08"]
[Round "7.7"]
[White "Vazquez Gonzalez, Jesus"]
[Black "Jimenez Elices, Jose Maria"]
[Result "1-0"]
[WhiteElo "1978"]
[BlackElo "1883"]
[PlyCount "71"]
[EventDate "2015.10.04"]
[EventType "swiss"]
[EventRounds "9"]
[EventCountry "ESP"]
[Source "lmi"]
[SourceDate "2015.10.04"]

1. e4 e6 2. d4 d5 3. Bd3 dxe4 4. Bxe4 Nf6 5. Bf3 Nc6 6. Ne2 Bd6 7. O-O e5 8.
Bxc6+ bxc6 9. dxe5 Bxe5 10. Qxd8+ Kxd8 11. Nbc3 Re8 12. Bg5 h6 13. Rad1+ Ke7
14. Bxf6+ Bxf6 15. Nd4 Bxd4 16. Rxd4 Be6 17. Rfd1 Red8 18. Kf1 Rxd4 19. Rxd4
Rd8 20. Ra4 Rd2 21. Rxa7 Rxc2 22. Rxc7+ Kd6 23. Rb7 Kc5 24. g3 Kd4 25. Kg2 c5
26. Rb8 Kc4 27. a4 Rxb2 28. Rxb2 Kxc3 29. Rb8 c4 30. Kf1 Kc2 31. a5 c3 32. Ke1
Bb3 33. a6 Kb2 34. a7 c2 35. Rc8 Bd5 36. Kd2 1-0

[Event "25. Torneo San Viator 2015"]
[Site "Madrid ESP"]
[Date "2015.11.08"]
[Round "7.8"]
[White "Soderstrom, Henrik"]
[Black "Torres Samper, Rafael"]
[Result "0-1"]
[WhiteElo "1907"]
[BlackElo "1974"]
[PlyCount "38"]
[EventDate "2015.10.04"]
[EventType "swiss"]
[EventRounds "9"]
[EventCountry "ESP"]
[Source "lmi"]
[SourceDate "2015.10.04"]

1. d4 f5 2. Nc3 Nf6 3. Bf4 e6 4. e3 Be7 5. d5 d6 6. dxe6 Bxe6 7. Nf3 O-O 8. Nd4
Qd7 9. Ncb5 Bf7 10. Nxf5 Qxf5 11. Nxc7 Qa5+ 12. Qd2 Qxc7 13. Bd3 Nc6 14. O-O
Ne5 15. Be2 Ng6 16. Rfe1 Nxf4 17. exf4 d5 18. Bf3 Bc5 19. Rac1 Rfe8 0-1

[Event "25. Torneo San Viator 2015"]
[Site "Madrid ESP"]
[Date "2015.11.08"]
[Round "7.9"]
[White "Padin Lazaro, Jose Manuel"]
[Black "Lozano Osorio, Isaac"]
[Result "1-0"]
[WhiteElo "1906"]
[BlackElo "1947"]
[PlyCount "95"]
[EventDate "2015.10.04"]
[EventType "swiss"]
[EventRounds "9"]
[EventCountry "ESP"]
[Source "lmi"]
[SourceDate "2015.10.04"]

1. e4 c6 2. d4 d5 3. Nc3 dxe4 4. Nxe4 Nf6 5. Nxf6+ exf6 6. c3 Bd6 7. Bd3 O-O 8.
Ne2 Re8 9. O-O Bg4 10. f3 Be6 11. f4 f5 12. c4 Nd7 13. Nc3 Nf6 14. Qf3 Bb4 15.
Ne2 Ne4 16. a3 Ba5 17. Rd1 a6 18. b4 Bb6 19. Bb2 a5 20. Bxe4 fxe4 21. Qc3 Qf6
22. Ng3 Bg4 23. Re1 Qxf4 24. Rf1 Qh6 25. Rae1 axb4 26. axb4 Rad8 27. c5 Bc7 28.
Bc1 Qg6 29. Bf4 Bxf4 30. Rxf4 {(=)} f5 31. h3 Bf3 32. Kf2 Qh6 33. Rxf5 Rf8 34.
gxf3 Rxf5 35. Nxf5 Qxh3 36. Qc4+ Kh8 37. fxe4 Rf8 38. Qe6 Qh4+ 39. Ke2 Qh2+ 40.
Kd3 Ra8 41. Ra1 Qh3+ 42. Kc4 Rg8 43. Qe5 Qg2 44. Qg3 Qxe4 45. Qd3 Qd5+ 46. Kc3
Rf8 47. Ne3 Qf3 48. Rf1 1-0

[Event "25. Torneo San Viator 2015"]
[Site "Madrid ESP"]
[Date "2015.11.08"]
[Round "7.10"]
[White "Cardena Contreras, Javier"]
[Black "Lopez Ziegler, Carlos"]
[Result "1-0"]
[WhiteElo "1892"]
[BlackElo "1925"]
[PlyCount "59"]
[EventDate "2015.10.04"]
[EventType "swiss"]
[EventRounds "9"]
[EventCountry "ESP"]
[Source "lmi"]
[SourceDate "2015.10.04"]

1. e4 c5 2. Nf3 e6 3. d4 cxd4 4. Nxd4 a6 5. Nc3 Qc7 6. Be2 Nf6 7. O-O Nc6 8.
Kh1 Bb4 9. Bg5 Bxc3 10. Bxf6 gxf6 11. bxc3 Na5 12. Qd3 h5 13. f4 d6 14. c4 Bd7
15. Nb3 Nxb3 16. cxb3 Bc6 17. Rad1 a5 18. Bf3 Rd8 19. Qc3 Ke7 20. Rfe1 h4 21.
c5 dxc5 22. Qxc5+ Ke8 23. e5 h3 24. Rxd8+ Kxd8 25. Bxc6 hxg2+ 26. Kg1 Qxc6 27.
Qxa5+ b6 28. Qd2+ Ke8 29. Rc1 Qd7 30. Qxg2 1-0

[Event "25. Torneo San Viator 2015"]
[Site "Madrid ESP"]
[Date "2015.11.08"]
[Round "7.11"]
[White "Luna Hermoso, Angel"]
[Black "Rodriguez Bittar, Karim Javier"]
[Result "0-1"]
[WhiteElo "1919"]
[BlackElo "1835"]
[PlyCount "92"]
[EventDate "2015.10.04"]
[EventType "swiss"]
[EventRounds "9"]
[EventCountry "ESP"]
[Source "lmi"]
[SourceDate "2015.10.04"]

1. d4 d5 2. c4 c6 3. Nf3 e6 4. g3 f5 5. Bg2 Nf6 6. O-O Be7 7. Nc3 O-O 8. h4 Ne4
9. Bf4 Nd7 10. Qc1 Ndf6 11. Rb1 Bd7 12. Ne5 Nh5 13. Nxe4 Nxf4 14. Qxf4 fxe4 15.
Qg4 Bf6 16. Nxd7 Qxd7 17. Bh3 Rae8 18. e3 Qc7 19. Qe2 Kh8 20. cxd5 cxd5 21. b4
Be7 22. Qh5 g6 23. Qe5+ Qxe5 24. dxe5 Rd8 25. Rfd1 a6 26. a4 h5 27. Rd2 g5 28.
hxg5 Bxg5 29. Rc1 d4 30. Rc4 dxe3 31. Rxd8 exf2+ 32. Kf1 Bxd8 33. Rxe4 Kg7 34.
Bxe6 Rf3 35. Rf4 Rxf4 36. gxf4 Be7 37. Kxf2 Bxb4 38. Bc8 b5 39. Bxa6 bxa4 40.
Kf3 a3 41. Bc4 Bd2 42. Ke4 h4 43. Kf3 h3 44. f5 Bf4 45. Kxf4 h2 46. f6+ Kf8 0-1

[Event "25. Torneo San Viator 2015"]
[Site "Madrid ESP"]
[Date "2015.11.08"]
[Round "7.13"]
[White "Soto Martin, Pablo"]
[Black "Sanchez Gomez, Emiliano"]
[Result "1-0"]
[WhiteElo "1956"]
[BlackElo "1801"]
[PlyCount "37"]
[EventDate "2015.10.04"]
[EventType "swiss"]
[EventRounds "9"]
[EventCountry "ESP"]
[Source "lmi"]
[SourceDate "2015.10.04"]

1. e4 c5 2. Nf3 a6 3. c3 d5 4. exd5 Nf6 5. c4 e6 6. dxe6 Bxe6 7. d4 cxd4 8.
Nxd4 Bc5 9. Be3 Bxd4 10. Qxd4 Nc6 11. Qxd8+ Rxd8 12. b3 Nb4 13. Na3 Ne4 14. Be2
Nc3 15. Bc5 Ncxa2 16. O-O Nc3 17. Bf3 Nd3 18. Bb6 Rd7 19. Ba5 1-0

[Event "25. Torneo San Viator 2015"]
[Site "Madrid ESP"]
[Date "2015.11.08"]
[Round "7.14"]
[White "Barahona Torrijos, Angel"]
[Black "Garcia Martin, Esteban"]
[Result "1-0"]
[WhiteElo "1812"]
[BlackElo "1903"]
[PlyCount "45"]
[EventDate "2015.10.04"]
[EventType "swiss"]
[EventRounds "9"]
[EventCountry "ESP"]
[Source "lmi"]
[SourceDate "2015.10.04"]

1. e4 c5 2. a3 g6 3. d4 cxd4 4. c3 d3 5. Bxd3 Bg7 6. Nf3 Nc6 7. Bc4 Nf6 8. e5
Ng4 9. Bxf7+ Kxf7 10. Ng5+ Ke8 11. Qxg4 Nxe5 12. Qg3 d6 13. f4 Nf7 14. Be3 Nxg5
15. fxg5 Rf8 16. Nd2 Qa5 17. Qh4 Qe5 18. Nc4 Qd5 19. Rd1 Qxg2 20. Rg1 Qh3 21.
Qe4 Bf5 22. Nxd6+ Kd8 23. Nxf5+ 1-0